Statistics for World Currency - One Minute Sprint

Click here to take the quiz!

General Stats

  • This quiz has been taken 573 times
  • The average score is 15 of 79

Answer Stats

CountriesCurrency% Correct
US, Canada, Australia, many others...Dollar
97%
Many European Union countriesEuro
91%
Mexico, Argentina, Chile, Philippines, others...Peso
81%
UK, Egypt, Lebanon, Sudan, SyriaPound
68%
JapanYen
65%
India, Pakistan, Sri Lanka, Nepal, others...Rupee
58%
Switzerland, many African countriesFranc
53%
Algeria, Iraq, Serbia, Tunisia, others...Dinar
49%
Denmark, NorwayKrone
47%
Belarus, RussiaRuble
46%
ChinaYuan
43%
Sweden, IcelandKrona
42%
BrazilReal
34%
Iran, Oman, YemenRial
31%
Bosnia & HerzegovinaMark
28%
VenezuelaBolívar
28%
South Korea, North KoreaWon
28%
Qatar, Saudi ArabiaRiyal
26%
AlbaniaLek
24%
Kenya, Somalia, Tanzania, UgandaShilling
24%
Czech RepublicKoruna
23%
BulgariaLev
22%
Morocco, United Arab EmiratesDirham
22%
IndonesiaRupiah
21%
PolandZłoty
19%
South AfricaRand
19%
ThailandBaht
19%
PeruSol
19%
CroatiaKuna
18%
MacedoniaDenar
17%
IsraelShekel
17%
VietnamDong
16%
Moldova, RomaniaLeu
16%
BoliviaBoliviano
16%
AfghanistanAfghani
14%
HungaryForint
14%
Kyrgyzstan, UzbekistanSom
14%
MalaysiaRinggit
12%
CambodiaRiel
12%
ArmeniaDram
10%
BangladeshTaka
10%
Azerbaijan, TurkmenistanManat
10%
ParaguayGuaraní
9%
Costa Rica, El SalvadorColón
9%
GuatemalaQuetzal
8%
TajikistanSomoni
7%
BhutanNgultrum
7%
LaosKip
7%
GeorgiaLari
6%
SamoaTālā
6%
NicaraguaCórdoba
6%
KazakhstanTenge
5%
MaldivesRufiyaa
5%
Cape VerdeEscudo
5%
LesothoLoti
4%
PanamaBalboa
4%
VanuatuVatu
4%
HondurasLempira
4%
BurmaKyat
4%
AngolaKwanza
4%
Papua New GuineaKina
4%
UkraineHryvnia
4%
MongoliaTögrög
3%
HaitiGourde
3%
EthiopiaBirr
3%
Malawi, ZambiaKwacha
3%
GhanaCedi
2%
BotswanaPula
2%
GambiaDalasi
2%
MauritaniaOuguiya
2%
NigeriaNaira
2%
MozambiqueMetical
2%
TurkeyLyra
2%
São Tomé & PríncipeDobra
2%
Sierra LeoneLeone
2%
MadagascarAriary
2%
TongaPaʻanga
2%
EritreaNakfa
1%
SwazilandLilangeni
1%

Score Distribution

Percentile by Number Answered

Percent of People with Each Score

Your Score History

You have not taken this quiz